Estatísticas para Cidades mais populosas de Portugal

Clique aqui para jogar o quiz

Estatísticas Gerais

  • Esse quiz foi jogado 2,537 vezes
  • A pontuação média é 7 de 15

Estatísticas das Respostas

População Cidade % Correto
547,631Lisboa
99%
237,559Porto
97%
143,396Coimbra
77%
143,532Braga
74%
90,640Setúbal
59%
67,003Aveiro
50%
66,912Guimarães
47%
186,503Vila Nova de Gaia
46%
66,143Viseu
40%
175,135Amadora
35%
101,500Almada
34%
111,892Funchal
30%
78,764Barreiro
14%
121,000Agualva-Cacém
8%
75,179Queluz
8%

Distribuição das Pontuações

Percentil de Números Respondidos

Porcentagem de Pessoas com Cada Pontuação

Sua Pontuação Histórica

Você não jogou esse quiz